| 000 | 00526nam a22001577a 4500 | ||
|---|---|---|---|
| 999 |
_c18625 _d18625 |
||
| 008 | 231214b ||||| |||| 00| 0 eng d | ||
| 020 | _a9789393884336 | ||
| 082 |
_22022 _aDC 004.22 _bP886 |
||
| 100 |
_aPrasad, Vishnu. _950496 |
||
| 245 |
_aHigh performance computer architecture / _cVishnu Prasad. |
||
| 260 |
_aIndia : _bRandom publications LLP, _c©2022. |
||
| 300 |
_aviii, 311 pages : _billustrations ; _c24 cm. |
||
| 500 | _aIncludes bibliography and index. | ||
| 650 |
_aComputer architecture. _950639 |
||
| 942 |
_2ddc _cDC |
||